Southville International School and Colleges
Your cart is empty.
  • Cart
  • Lists
    Public lists Eva Luna New books Lux_list list_1
    Your lists Log in to create your own lists
  • Log in to your account
  • Your cookies
  • Search history
Southville International School and Colleges
  • Advanced search
  • Recent comments
  • Most popular
  • Libraries

Log in to your account

Log in with GOOGLE


If you do not have an external account, but do have a local account, you can still log in:

  1. Home
  2. MARC view: Little women /
Normal view MARC view ISBD view

Little women / (Record no. 368269)

[ view plain ]
MARC details
000 -LEADER
fixed length control field 01074nam a22002777a 4500
003 - CONTROL NUMBER IDENTIFIER
control field 0
005 - DATE AND TIME OF LATEST TRANSACTION
control field 20251021144208.0
008 - FIXED-LENGTH DATA ELEMENTS--GENERAL INFORMATION
fixed length control field 251018b xxu||||| |||| 00| 0 eng d
020 ## - INTERNATIONAL STANDARD BOOK NUMBER
International Standard Book Number 978-0-451-53208-4
050 ## - LIBRARY OF CONGRESS CALL NUMBER
Classification number PS 1017
Item number .A43 2012
100 ## - MAIN ENTRY--PERSONAL NAME
Personal name Alcott, Louisa May,
Dates associated with a name 1832-1888,
Relator term author.
245 ## - TITLE STATEMENT
Title Little women /
Statement of responsibility, etc Louisa May Alcott ; with an introduction by Regina Barreca and an afterword by Susan Straight.
260 ## - PUBLICATION, DISTRIBUTION, ETC. (IMPRINT)
Place of publication, distribution, etc New York :
Name of publisher, distributor, etc Signet Classics,
Date of publication, distribution, etc 2012.
300 ## - PHYSICAL DESCRIPTION
Extent 507 pages ;
Dimensions 18 cm.
490 ## - SERIES STATEMENT
Series statement Signet Classics
500 ## - GENERAL NOTE
General note Originally published in 1868-1869.<br/>Includes introduction by Regina Barreca and afterword by Susan Straight.
520 ## - SUMMARY, ETC.
Summary, etc Chronicles the lives and loves of four sisters growing up during the American Civil War.
650 ## - SUBJECT ADDED ENTRY--TOPICAL TERM
Topical term or geographic name as entry element Sisters
Form subdivision Fiction.
650 ## - SUBJECT ADDED ENTRY--TOPICAL TERM
Topical term or geographic name as entry element Family life
Form subdivision Fiction.
650 ## - SUBJECT ADDED ENTRY--TOPICAL TERM
Topical term or geographic name as entry element Young women
Form subdivision Fiction.
650 ## - SUBJECT ADDED ENTRY--TOPICAL TERM
Topical term or geographic name as entry element New England
Form subdivision Fiction.
700 ## - ADDED ENTRY--PERSONAL NAME
Personal name Barreca, Regina,
Relator term writer of introduction.
700 ## - ADDED ENTRY--PERSONAL NAME
Personal name Straight, Susan,
Relator term writer of afterword.
830 ## - SERIES ADDED ENTRY--UNIFORM TITLE
Uniform title Signet classics.
942 ## - ADDED ENTRY ELEMENTS (KOHA)
Source of classification or shelving scheme Library of Congress Classification
Koha item type Books
Holdings
Withdrawn status Lost status Source of classification or shelving scheme Damaged status Home library Current library Shelving location Date acquired Source of acquisition Total Checkouts Full call number Barcode Date last seen Date checked out Price effective from Koha item type
    Library of Congress Classification   Luxembourg Library Luxembourg Library Classic Section 10/19/2025 Library Fund 1 PS 1017 .A43 2012 21434 11/14/2025 11/14/2025 10/18/2025 Books
    Library of Congress Classification   Luxembourg Library Luxembourg Library Classic Section 11/19/2024 Library Fund 1 PS 1017 .A43 2012 21433 10/21/2025 10/21/2025 10/18/2025 Books

Little women /

APA

Alcott L. M., Barreca R. & Straight S. (2012). Little women. New York: Signet Classics.

Chicago

Alcott Louisa May, Barreca Regina and Straight Susan. 2012. Little women. New York: Signet Classics.

Harvard

Alcott L. M., Barreca R. and Straight S. (2012). Little women. New York: Signet Classics.

MLA

Alcott Louisa May, Barreca Regina and Straight Susan. Little women. New York: Signet Classics. 2012.

  • Place hold
  • Print
  • Cite
  • Add to your cart (remove)
  • Save record
    BIBTEX Dublin Core MARCXML MARC (non-Unicode/MARC-8) MARC (Unicode/UTF-8) MARC (Unicode/UTF-8, Standard) MODS (XML) RIS
  • More searches
    Search for this title in:
    Other Libraries (WorldCat) Other Databases (Google Scholar) Online Stores (Bookfinder.com) Open Library (openlibrary.org)

Exporting to Dublin Core...

SOUTHVILLE LIBRARY

Southville International School and Colleges Library

1281 Tropical Ave. Cor. Luxembourg St., BF Homes International, Las Pinas City

Tel. No. 8256374 / 252358 Loc. 117/146

Powered by Koha